Call of Duty Esports 2015 - Statistics

General Stats
  • This quiz has been taken 21 times
  • The average score is 27 of 36
Answer Stats
Team Player % Correct
Attach
100%
Denial Clayster
100%
FormaL
100%
Jkap
100%
Optic Nation Karma
100%
Nadeshot
100%
Optic Gaming Scump
100%
Faze Red Aches
92%
Crimsix
92%
Parasite
92%
Replays
92%
TeeP
92%
Faze Black Censor
85%
Prophecy Mboze
85%
Goonjar
77%
Killa
77%
Mirx
77%
Nagafen
77%
Proofy
77%
Slasher
77%
Envy Zoomaa
77%
Faccento
69%
Nameless
69%
Ricky
69%
Apathy
62%
Aqua
62%
Enable
62%
Team Kaliber Sharp
62%
Classic
54%
Merk
54%
Team Revenge Remy
54%
Studyy
54%
Theory
46%
Loony
38%
Saints
31%
Mochilla
8%
No matching quizzes found
Score Distribution
Percent of People with Each Score
Percentile by Number Answered
Your Score History
You have not taken this quiz